000 00443nam a22001697a 4500
003 OSt
005 20260404115318.0
008 260404b |||||||| |||| 00| 0 eng d
020 _a9781781256176
040 _cLIRC
082 _a658.4012
100 _aRumelt, Richard
_96442
245 _aGood strategy bad strategy : the different and why it matters
260 _aGreat Britain
_bProfile Book
_c2017
300 _a322 p.
942 _2ddc
_cUT
999 _c33670
_d33670